Statistics for African Capitals - Map Quiz

Click here to take the quiz!

General Stats

  • This quiz has been taken 16,373 times
    (16,359 since last reset)
  • The average score is 34 of 56

Answers on the Map

Answers color-coded by a green-red scale on the quiz's map according to % correct below.
Loading ...
 

Answer Stats

Answer% Correct
Cairo
97%
Tunis
94%
Algiers
94%
Tripoli
91%
Rabat
89%
Djibouti
88%
Addis Ababa
85%
Nairobi
84%
Mogadishu
80%
Khartoum
78%
Antananarivo
76%
Kinshasa
73%
São Tomé
72%
Windhoek
69%
Luanda
67%
Pretoria
67%
Abuja
67%
Dakar
66%
Brazzaville
66%
N'Djamena
65%
Kampala
64%
Juba
64%
Accra
63%
Bissau
62%
Harare
61%
Cape Town
60%
Ouagadougou
58%
Asmara
57%
Dodoma
57%
Kigali
56%
Maputo
54%
Monrovia
53%
Lilongwe
53%
Niamey
53%
Freetown
52%
Gaborone
52%
Yaoundé
50%
Lomé
50%
Victoria
49%
Bangui
49%
Lusaka
49%
Nouakchott
48%
Praia
48%
Port Louis
48%
Yamoussoukro
48%
Bamako
47%
Mbabane
46%
Gitega
45%
Porto-Novo / Cotonou
44%
Bloemfontein
44%
Conakry
43%
Libreville
43%
Maseru
41%
Banjul
40%
Moroni
37%
Malabo
34%

Score Distribution

Percentile by Number Answered

Percent of People with Each Score

Your Score History

You have not taken this quiz since the last reset